| 000 | 01114nam a2200277 i 4500 | ||
|---|---|---|---|
| 003 | DO-SdBNP | ||
| 005 | 20250603145822.0 | ||
| 008 | 250522b2023 dr ||||| |||| 00| 0 spa d | ||
| 020 | _a9789945649000 | ||
| 040 |
_aDO-SdBNP _bspa _cBNPHU _erda |
||
| 041 | _aspa | ||
| 082 | 4 |
_axxx _bM663r _222 |
|
| 100 | 1 |
_aMinaya Fondeur, Leovigildo _eautor _4aut. _987690 |
|
| 245 | 1 | 0 |
_aReflexiones y críticas sobre el léxico jurídico dominicano / _cLeovigildo Minaya Fondeur ; corrección, Tobías Rodríguez Molina. |
| 264 | 4 |
_aSanto Domingo, República Dominicana : _bPrintbarato, _c©2023. |
|
| 300 |
_axxviii, 244 páginas ; _c23 cm. |
||
| 336 |
_atexto _btxt _2rdacontent |
||
| 337 |
_asin mediación _bn _2rdamedia |
||
| 338 |
_avolumen _bnc _2rdacarrier |
||
| 504 | _aBibliografía: páginas 336-338 | ||
| 505 | _aReflexiones en torno al léxico jurídico dominicano. -- Análisis y significación lógica de vocablos y expresiones del léxico jurídico dominicano. -- | ||
| 590 | _aInventariado, 2025 /LP | ||
| 700 | 1 |
_aRodríguez Molina, Tobías _eautor _4corr. _987972 |
|
| 910 | _aLP | ||
| 942 |
_2ddc _cLBS1 |
||
| 999 |
_c58953 _d58953 |
||